000 01232nam a2200313 i 4500
003 DO-SdBNP
005 20250206102509.0
007 ta
008 241218s1995 dr 000 p spa d
040 _aDO-SdBNP
_bspa
_cBNPHU
_erda
082 _aRD861.44
_bM938
_222
100 1 _aMoya, Pastor de,
_d1965-
_eautor
_4aut.
_97820
245 1 0 _aAlfabeto de la noche /
_cPastor de Moya
264 1 _aLa Vega, República Dominicana :
_b[Editor no identificado],
_c1995.
300 _a47 páginas
_c23 cm.
336 _atexto
_btxt
_2rdacontent
337 _asin mediación
_bn
_2rdamedia
338 _avolumen
_bnc
_2rdacarrier
490 1 _aAlfabeto de la noche
_v1
500 _aIncluye datos biografícos del autor en la página 49.
500 _aEsta primera edición, ilimitada, de ALFABETO DE LA NOCHE, se terminó de imprimir en el patio de la casa del poeta, debajo de un árbol de almendro, en otoño de 1995.
500 _aLos numeros de paginas solo estan marcados a la derecha de cada hoja.
590 _aInventariado, 2024/ YL
590 _aEl ejemplar No. 1 está autografiado por el autor.
650 0 _aPoesía dominicana
_9176
650 0 _aLiteratura dominicana.
_967
910 _aYLockward
942 _2ddc
_cLF2
999 _c57969
_d57969